00511nam a2200193Ii 450000100060000000300090000600800410001502000150005604000330007104100080010408200150011210000300012724500280015726400390018530000120022433600260023633700280026233800270029011677CO-ViMGA241108s9999||||xx |||||||||||||| ||und|| a8492210915 aCO-ViMGAbspaerdacCO-ViMGA0 aspa04a516.6 I98g1 aFernando Izquierdo Asensi10aGeometría descriptiva 1aMadrid, España : Paraninfo, 1976 avolumen atextbtxt2rdacontent aunmediatedbn2rdamedia avolumebnc2rdacarrier